Interest rate development - comparison of Vašíček, Cox-Ingersoll-Ross, Hull-White model

Význam úrokovej miery v poisťovníctve sa uplatňuje hlavne v zabezpečovaní časového súladu peňažných tokov vyplývajúcich z aktívam prislúchajúcim pasívam poisťovne z hľadiska ich splatnosti, úrokových mier a menovej štruktúry. Spoločnosť je vystavená riziku zmeny reálnej hodnoty v dôsledku zmeny úrok...

Descripción completa

Guardado en:
Detalles Bibliográficos
Autor principal: Matulová, Daniela
Formato: Capítulo de libro
Lenguaje:eslovaco
Materias:
Etiquetas: Agregar Etiqueta
Sin Etiquetas, Sea el primero en etiquetar este registro!

MARC

LEADER 00000nla a2200000 4500
001 0236806
005 20240502073828.2
041 0 |a slo 
044 |a SK 
245 1 0 |a Interest rate development - comparison of Vašíček, Cox-Ingersoll-Ross, Hull-White model  |c Daniela Matulová 
520 |a Význam úrokovej miery v poisťovníctve sa uplatňuje hlavne v zabezpečovaní časového súladu peňažných tokov vyplývajúcich z aktívam prislúchajúcim pasívam poisťovne z hľadiska ich splatnosti, úrokových mier a menovej štruktúry. Spoločnosť je vystavená riziku zmeny reálnej hodnoty v dôsledku zmeny úrokovej sadzby. Z hľadiska risk managementu je dôležité porovnať modely navzájom a napokon spraviť závery slúžiace na akciu. Význam porovnávaní troch modelov dáva priestor zamyslieť sa nad tou istou situáciou z rôznych uhlov pohľadu a až po zvážení výsledkov jednotlivých modelov, konať v prospech, resp. zmiernenie straty spoločnosti. 
610 2 0 |a poisťovníctvo 
610 2 0 |a poisťovne 
610 2 0 |a miera úroková 
610 2 0 |a modely 
100 1 |a Matulová, Daniela